LIBRARY & INFORMATION CENTRE, KCAET, TAVANUR

ONLINE PUBLIC ACCESS CATALOGUE (OPAC)

Stability and trim for the Ship`s Officer / (Record no. 751)

MARC details
000 -LEADER
fixed length control field 00436cam a2200169ua 4500
003 - CONTROL NUMBER IDENTIFIER
control field OSt
008 - FIXED-LENGTH DATA ELEMENTS--GENERAL INFORMATION
fixed length control field 250320b |||||||| |||| 00| 0 eng d
041 ## - LANGUAGE CODE
Language code of text/sound track or separate title eng
082 ## - DEWEY DECIMAL CLASSIFICATION NUMBER
Classification number 623.88
Item number DAC/ST
100 ## - MAIN ENTRY--AUTHOR NAME
Personal name Dage, Johnla .
245 ## - TITLE STATEMENT
Title Stability and trim for the Ship`s Officer /
250 ## - EDITION STATEMENT
Edition statement 2 /
260 ## - PUBLICATION, DISTRIBUTION, ETC. (IMPRINT)
Place of publication London :
Name of publisher D.Van Nostrand company ,Inc ,
Year of publication 1956.
300 ## - PHYSICAL DESCRIPTION
Number of Pages 216 ; .
700 1# - ADDED ENTRY--PERSONAL NAME
Personal name Gemert, Lee .
942 ## - ADDED ENTRY ELEMENTS (KOHA)
Koha item type Books
Holdings
Withdrawn status Lost status Damaged status Home library Current library Date acquired Full call number Accession Number Koha item type
      KAUAET KAUAET 07/04/2012 623.88 DAC/ST 11581 Books
free website counter